| 000 | 00381nam a2200145Ia 4500 | ||
|---|---|---|---|
| 008 | 230917s9999||||xx |||||||||||||| ||und|| | ||
| 040 |
_e81711 _aMAIN |
||
| 041 | _aEnglish | ||
| 082 | _a372.21 S61H | ||
| 100 | _aSpodek, Bernard, ed | ||
| 245 | 0 | _aHandbook of research in early childhood education | |
| 260 |
_aNew York _bFree Press _c1982 |
||
| 300 | _axxiv, 677 p. | ||
| 942 | _cBK | ||
| 999 |
_c36658 _d36658 |
||